Marqueurs d'essais en finale de Top 14 - Statistiques

Statistiques générales
  • Ce quiz a été pris 19 fois
  • Le résultat moyen est 16 sur 38
Statistiques - réponses
Année - Equipe Réponse % Correct
2024 - Stade Toulousain Antoine Dupont
100%
2024 - Stade Toulousain Antoine Dupont
100%
2025 - Union Bordeaux Bègles Damian Penaud
100%
2023 - Stade Toulousain Romain Ntamack
100%
2024 - Stade Toulousain Peato Mauvaka
78%
2024 - Stade Toulousain Thomas Ramos
78%
2024 - Stade Toulousain Thomas Ramos
78%
2024 - Stade Toulousain Ange Capuozzo
72%
2024 - Stade Toulousain Julien Marchand
72%
2025 - Stade Toulousain Anthony Jelonch
67%
2025 - Union Bordeaux Bègles Matthieu Jalibert
67%
2013 - Castres Olympique Rory Kockott
67%
2025 - Stade Toulousain Jack Willis
50%
2025 - Stade Toulousain Jack Willis
50%
2017 - ASM Clermont Aliveriti Raka
44%
2017 - RC Toulon Josua Tuisova
44%
2013 - RC Toulon Steffon Armitage
44%
2010 - ASM Clermont Naipolioni Nalaga
39%
2023 - Stade Toulousain Santiago Chocobares
39%
2023 - La Rochelle Uini Atonio
39%
2019 - Stade Toulousain Yoann Huget
39%
2019 - Stade Toulousain Yoann Huget
39%
2016 - Racing 92 Jo Rokocoko
22%
2022 - Montpellier Arthur Vincent
17%
2024 - Stade Toulousain Blair Kinghorn
17%
2025 - Union Bordeaux Bègles Guido Petti
17%
2016 - RC Toulon Maxime Mermoz
17%
2023 - La Rochelle Tawera Kerr-Barlow
17%
2011 - Montpellier Timoci Nagusa
17%
2024 - Stade Toulousain David Ainu'u
11%
2022 - Montpellier Anthony Bouthier
6%
2021 - La Rochelle Dany Priso
6%
2016 - RC Toulon Mamuka Gorgodze
6%
2014 - Castres Olympique Maxwell Evans
6%
2018 - Castres Olympique Sitiveni Mafi
6%
2022 - Castres Olympique Vilimoni Botitu
6%
2022 - Montpellier Florian Verhaeghe
0%
2018 - Castres Olympique Julien Dumoura
0%
Aucun quiz correspondant
Distribution des résultats
% des personnes avec chaque résultat
Percentile par nombre de réponses
Votre historique - résultats
Vous n’avez pas pris ce quiz